000 01415cam a22003617a 4500
001 13493365
003 OSt
005 20240909110735.0
008 040218s2003 enka b 001 0 eng
010 _a 2004296891
015 _aGBA3-70183
020 _a1402075936
035 _a(OCoLC)ocm53156142
040 _aUKM
_cmust
_dOHX
_dWAU
_dDLC
042 _alccopycat
050 0 0 _aT57.7
_b.L8 2003
072 7 _aQA
_2lcco
082 0 0 _a519.72 LUE 2005
_222
100 1 _aLuenberger, David G.,
_d1937-
_919111
245 1 0 _aLinear and nonlinear programming /
_cDavid G. Luenberger.
250 _a2nd ed.
260 _aBoston :
_bKluwer Academic,
_cc2003.
300 _axv, 491 p. :
_bill. ;
_c25 cm.
504 _aIncludes bibliographical references and index.
650 0 _aLinear programming.
_92549
650 0 _aNonlinear programming.
_919112
856 4 2 _3Contributor biographical information
_uhttp://www.loc.gov/catdir/enhancements/fy0820/2004296891-b.html
856 4 2 _3Publisher description
_uhttp://www.loc.gov/catdir/enhancements/fy0820/2004296891-d.html
856 4 1 _3Table of contents only
_uhttp://www.loc.gov/catdir/enhancements/fy0820/2004296891-t.html
906 _a7
_bcbc
_ccopycat
_d2
_encip
_f20
_gy-gencatlg
942 _2ddc
_cB_BANK
999 _c9362
_d9362